|
|
|
|
| LEADER |
00000cam a2200000 a 4500 |
| 001 |
vtls008404769 |
| 003 |
SK-MaSNL |
| 005 |
20260302092707.0 |
| 008 |
230403s1953 xo o f 000 0 hun |
| 015 |
|
|
|a SNBA19451955-013356
|
| 020 |
|
|
|q (viazané)
|
| 035 |
|
|
|a SK01SNKBKSFS20020096986
|
| 035 |
|
|
|a urn:nbn:sk:snk-am3ie77
|
| 035 |
|
|
|a urn:nbn:sk:snk-am00e6ng
|
| 035 |
|
|
|a 7EA9A51F-EFC5-4D01-B0CB-0BA28FD5C3B0
|
| 035 |
|
|
|a SKM000099449
|
| 040 |
|
|
|a SNK
|b slo
|c SNK
|e AACR2
|
| 041 |
1 |
|
|a hun
|h cze
|
| 043 |
|
|
|a e-xo---
|a e-xr---
|
| 044 |
|
|
|a xo
|c SK
|
| 072 |
|
7 |
|a 329
|x Politické strany a hnutia
|2 konspekt
|
| 080 |
|
|
|a 329(437)KSČ(091)
|2 1981
|
| 080 |
|
|
|a 329.1/.6
|2 2011
|
| 080 |
|
|
|a 329.15
|2 2011
|
| 100 |
1 |
|
|a Veselý, Jindřich,
|d 1906-1964
|4 aut
|9 622546
|
| 240 |
1 |
0 |
|a O vzniku a založení KSČ
|l Maďarsky
|
| 245 |
1 |
0 |
|a A CSKP keletkezéséről és megalapításáról
|c Jindřich Veselý
|
| 250 |
|
|
|a 1. kiadás
|
| 260 |
|
|
|a Pozsony
|b Szlovákiai Politikai Kőnyvkiadó
|c 1953
|
| 300 |
|
|
|a 227 strán
|b fotografie
|c 21 cm
|
| 366 |
|
|
|e 5000 kusov
|
| 490 |
1 |
|
|a A CsKP történetének tanulmányozásához
|
| 500 |
|
|
|a Obsahuje poznámky ; najdôležitejšie dátumy od 1917-1921 na strane 226-227 ; preložené z češtiny
|
| 504 |
|
|
|a Obsahuje bibliografické odkazy
|
| 610 |
|
7 |
|a Komunistická strana Československa
|2 SNKKA
|9 32256
|
| 650 |
0 |
7 |
|a komunistické strany
|2 SNKPH
|9 3597
|
| 655 |
|
7 |
|a monografie
|2 SNKPH
|9 70139
|
| 830 |
|
0 |
|a A CsKP történétének tanulmányozásához
|9 762701
|
| 852 |
|
|
|a Slovenská národná knižnica
|
| 954 |
|
|
|a odborná, vedecká literatúra cudzojazyčná (svetová)
|2 lita
|
| 958 |
|
|
|a OND
|
| 958 |
|
|
|a RK
|
| 958 |
|
|
|a TL
|
| 958 |
|
|
|a NB
|
| 958 |
|
|
|a SP
|
| 958 |
|
|
|a CZ
|
| 958 |
|
|
|a EUIPO
|
| 999 |
|
|
|c 1205802
|d 1207732
|
| 952 |
|
|
|a SNK
|b SNK
|y PREZ
|7 0
|p 17A0758297
|o snkSC 4952
|i snk2379/53
|0 0
|1 0
|4 0
|d 2019-03-07
|f 1
|l 0
|r 2025-07-04 00:00:00
|w 2026-02-24
|